[Event "ROM-ch"]
[Site "Baile Olanesti"]
[Date "2013.02.24"]
[Round "11"]
[White "Voiteanu, Christian Gabriel"]
[Black "Vasile, Claudiu Daniel"]
[Result "0-1"]
[WhiteElo "2287"]
[BlackElo "2145"]
[PlyCount "82"]
[EventDate "2013.02.16"]
[EventType "swiss"]
[EventRounds "11"]
[EventCountry "ROU"]
[SourceTitle "CBM 153 Extra"]
[Source "ChessBase"]
[SourceDate "2013.04.22"]
[SourceVersion "1"]
[SourceVersionDate "2013.04.22"]
[SourceQuality "1"]

1. d4 d5 2. c4 e6 3. Nf3 Nf6 4. g3 Be7 5. Bg2 0-0 6. 0-0 Nbd7 7. Qc2 c6 8. Nbd2 b6 9. e4 Bb7 10. e5 Ne8 11. cxd5 cxd5 12. Re1 Rc8 13. Qa4 a5 14. Nf1 Nc7 15. h4 Na6 16. a3 Nab8 17. Bg5 Ba6 18. Ne3 Nc6 19. Qd1 b5 20. Qd3 a4 21. Bxe7 Qxe7 22. Ng5 g6 23. f4 Nb6 24. h5 Kg7 25. Kf2 h6 26. Nf3 Nc4 27. Nh4 Nxb2 28. Qb1 Nc4 29. hxg6 Nxd4 30. f5 Nxe5 31. Bf1 Qc5 32. Qb2 Qc3 33. Rab1 fxg6 34. Kg1 Nef3+ 35. Nxf3 Nxf3+ 36. Kf2 Qxb2+ 37. Rxb2 Nxe1 38. Kxe1 gxf5 39. Nc2 Rc3 40. Nd4 Kf6 41. Rh2 Rh8 0-1

[Event "ROM-ch"]
[Site "Baile Olanesti"]
[Date "2013.02.23"]
[Round "10"]
[White "Vasile, Claudiu Daniel"]
[Black "Costachi, Mihnea"]
[Result "1-0"]
[WhiteElo "2145"]
[BlackElo "2056"]
[PlyCount "113"]
[EventDate "2013.02.16"]
[EventType "swiss"]
[EventRounds "11"]
[EventCountry "ROU"]
[SourceTitle "CBM 153 Extra"]
[Source "ChessBase"]
[SourceDate "2013.04.22"]
[SourceVersion "1"]
[SourceVersionDate "2013.04.22"]
[SourceQuality "1"]

1. e4 e5 2. Nf3 Nc6 3. Bb5 a6 4. Ba4 Nf6 5. 0-0 Be7 6. Re1 b5 7. Bb3 d6 8. c3 0-0 9. h3 Na5 10. Bc2 c5 11. d4 Nd7 12. d5 Nb6 13. Nbd2 f5 14. exf5 Bxf5 15. Bxf5 Rxf5 16. Ne4 Qd7 17. Bg5 Raf8 18. b3 h6 19. Bxe7 Qxe7 20. Qd2 Nb7 21. a4 bxa4 22. bxa4 Na5 23. Rab1 Nbc4 24. Qd3 Qc7 25. Nfd2 Nxd2 26. Qxd2 Rb8 27. Rxb8+ Qxb8 28. Qc2 Rf7 29. Rb1 Rb7 30. Rxb7 Nxb7 31. Qd3 Na5 32. Kh2 c4 33. Qg3 Nb7 34. Qg6 Qf8 35. Qe6+ Kh7 36. Qd7 Qf4+ 37. Ng3 Nc5 38. Qxd6 Ne4 39. Qe6 Nxf2 40. d6 Ne4 41. Qf5+ Qxf5 42. Nxf5 Nc5 43. Ne7 g6 44. Nc6 Nd7 45. Nb4 Kg7 46. Nxa6 Kf6 47. Nc7 e4 48. a5 Ke5 49. a6 Kxd6 50. a7 Nb6 51. a8Q Nxa8 52. Nxa8 Kc6 53. Kg3 g5 54. Kf2 Kb7 55. Ke3 Kxa8 56. Kxe4 Kb7 57. Kd5 1-0